[Event "Ostsjaellands EMT 2004"]
[Site "Faxe"]
[Date "2004.03.17"]
[Round "1"]
[White "Jensen, Niels"]
[Black "Jensen, Leif"]
[Result "0-1"]
[WhiteElo "1390"]
[BlackElo "2036"]
[PlyCount "129"]
[EventDate "2004.??.??"]

1. e4 e6 2. Bc4 d5 3. exd5 exd5 4. Bb3 Nf6 5. d4 Bd6 6. Nf3 O-O 7. O-O c6 8.
Bg5 Bg4 9. h3 Bh5 10. Qd3 Bg6 11. Qe3 Nbd7 12. Nc3 Qc7 13. Qd2 Bb4 14. a3 Ba5
15. Qf4 Qc8 16. Bxf6 Nxf6 17. Nh4 Re8 18. Nxg6 hxg6 19. Rae1 Qd7 20. Rxe8+ Rxe8
21. Qf3 Qe7 22. Qd3 Nh5 23. g3 Nf6 24. Ba2 Qd7 25. Kg2 Bxc3 26. bxc3 Qe7 27. c4
dxc4 28. Bxc4 Kf8 29. Rb1 b6 30. a4 Rd8 31. Qe3 Qxe3 32. fxe3 Ne4 33. Bd3 Nc3
34. Ra1 Nd5 35. Kf2 Rd6 36. Ra3 g5 37. Ra1 Rf6+ 38. Ke2 Rh6 39. e4 Nc7 40. Rh1
Ke7 41. h4 Ne6 42. Ke3 c5 43. dxc5 Nxc5 44. Bc4 gxh4 45. Rxh4 Rxh4 46. gxh4
Nxa4 47. Kf4 Nc5 48. e5 Ne6+ 49. Ke4 Nc7 50. h5 Ne6 51. c3 Nc7 52. Kf5 a5 53.
Kg5 a4 54. h6 gxh6+ 55. Kxh6 a3 56. Kg5 Nb5 57. Bxb5 a2 58. Kf5 a1=Q 59. c4
Qb1+ 60. Kg5 Qe4 61. Kh5 Qxe5+ 62. Kg4 Kf6 63. Kf3 Kg5 64. Kf2 Kf4 65. Kf1 0-1

[Event "Ostsjaellands EMT 2004"]
[Site "Faxe"]
[Date "2004.03.17"]
[Round "1"]
[White "Lillebro, Verner"]
[Black "Eckert, Svend"]
[Result "0-1"]
[WhiteElo "1219"]
[BlackElo "1463"]
[PlyCount "158"]
[EventDate "2004.??.??"]

1. d4 Nf6 2. c4 e5 3. dxe5 Ne4 4. Qd4 Nc5 5. Nf3 Nc6 6. Qd1 d6 7. Bg5 Be7 8.
Bxe7 Qxe7 9. exd6 cxd6 10. Nc3 Nb4 11. e3 Bf5 12. Nd4 Bg6 13. Nd5 Nxd5 14. cxd5
O-O 15. Bc4 Rac8 16. O-O Ne4 17. Qe2 Qg5 18. b3 Nc3 19. Qf3 Be4 20. Qg3 Qf6 21.
Rfc1 Nxd5 22. Nb5 Rfd8 23. Nxa7 Rc5 24. Nb5 Nb6 25. f3 Rg5 26. Qf4 Bxf3 27. g3
Rf5 28. Qd4 Nxc4 29. Qxf6 Rxf6 30. Rxc4 Be2 31. Rb4 Rf3 32. e4 Rd3 33. Nd4 Bg4
34. a4 h5 35. Nb5 Bh3 36. Nc7 Rd2 37. Nd5 Kf8 38. Rxb7 Bg2 39. Rb4 Bf3 40. Nf4
Re8 41. a5 g5 42. Nh3 Rg2+ 43. Kf1 Rxh2 44. Nxg5 Rh1+ 45. Kf2 Rxa1 46. Nxf3
Rxa5 47. Rd4 Ke7 48. b4 Rb5 49. Ke3 Reb8 50. Rc4 R8b7 51. Nd4 R5b6 52. b5 Kd8
53. Rb4 Ra7 54. Kf4 Ra1 55. Kf5 Kc7 56. Kg5 Rg1 57. Nf5 Rc1 58. Kxh5 Rc5 59.
Kg4 Rcxb5 60. Rd4 Rb4 61. Kf4 Rxd4 62. Nxd4 Rb4 63. Ke3 Ra4 64. g4 Ra3+ 65. Kf2
Rd3 66. Nf5 Ra3 67. Nd4 Rh3 68. Nf3 Kb6 69. Kg2 Rh8 70. Kg3 Rg8 71. Kf4 Kc5 72.
Ng5 Rg7 73. Kf5 Kd4 74. Nf3+ Ke3 75. Ng5 Rxg5+ 76. Kxg5 Kxe4 77. Kh4 d5 78. Kg3
Ke3 79. g5 d4 0-1

[Event "Ostsjaellands EMT 2004"]
[Site "Faxe"]
[Date "2004.03.17"]
[Round "1"]
[White "Hansen, Arne Mandrup"]
[Black "Hansen, Knud"]
[Result "0-1"]
[WhiteElo "1298"]
[BlackElo "1648"]
[PlyCount "140"]
[EventDate "2004.??.??"]

1. d4 Nf6 2. Bf4 e6 3. Nf3 Be7 4. e3 O-O 5. c4 b6 6. Nc3 Bb7 7. Be2 d6 8. O-O
Nbd7 9. h3 h6 10. a3 a6 11. b4 Ne4 12. Rc1 Ndf6 13. Bd3 Nxc3 14. Rxc3 Ne4 15.
Bxe4 Bxe4 16. Nd2 Bb7 17. Nf3 Rc8 18. Qe2 c5 19. Rb1 Bf6 20. bxc5 Bxf3 21. Qxf3
bxc5 22. Rcb3 cxd4 23. Qb7 e5 24. Bg3 dxe3 25. Rxe3 Qa5 26. Qd5 Qxd5 27. cxd5
Rfd8 28. Reb3 Be7 29. Rb7 Bf8 30. Ra7 Rc5 31. Rxa6 Rxd5 32. Rb7 f5 33. f4 e4
34. Bh4 Re8 35. Raa7 e3 36. Be1 Rd1 37. Kf1 Rd4 38. g3 Rde4 39. a4 d5 40. Ke2
R4e6 41. a5 R6e7 42. a6 Rxb7 43. axb7 Bd6 44. Ra8 Kf7 45. Rxe8 Kxe8 46. Kxe3
Kd7 47. Ba5 Kc6 48. Kd4 Bb8 49. Bd8 Kxb7 50. Kxd5 Ba7 51. Ke6 Bf2 52. Kxf5 Bxg3
53. Kg4 Be1 54. f5 Bc3 55. Kh5 Kc8 56. Bh4 Kd7 57. Kg6 Ke8 58. Bf6 gxf6 59.
Kxh6 Kf8 60. Kh7 Kf7 61. h4 Bb4 62. h5 Be7 63. h6 Bf8 64. Kh8 Bxh6 65. Kh7 Bg5
66. Kh8 Ke7 67. Kg8 Kd6 68. Kg7 Ke5 69. Kg6 Bd2 70. Kh5 Kxf5 0-1

[Event "Ostsjaellands EMT 2004"]
[Site "Faxe"]
[Date "2004.03.17"]
[Round "1"]
[White "Jensen, Herman"]
[Black "Hansen, Mogens Egon"]
[Result "1/2-1/2"]
[WhiteElo "1663"]
[BlackElo "1357"]
[PlyCount "117"]
[EventDate "2004.??.??"]

1. e4 c5 2. Nf3 d6 3. d4 cxd4 4. Nxd4 Nf6 5. Nc3 a6 6. Be2 e6 7. O-O Qc7 8. Be3
Be7 9. Bf3 Nbd7 10. Nb3 O-O 11. Rc1 Rb8 12. a4 b6 13. Re1 Bb7 14. Bf4 e5 15.
Be3 Rbc8 16. g4 Nc5 17. Bd2 h6 18. Qe2 Nh7 19. Be3 Ra8 20. Nd2 Nf6 21. b4 Ncd7
22. Qd3 Rfc8 23. Na2 Bc6 24. Qb3 Bb7 25. c4 Qd8 26. Nc3 Rc7 27. h3 Qc8 28. Bg2
Bf8 29. Ne2 Ne8 30. Ng3 g6 31. Bf1 Nef6 32. Bd3 Rb8 33. Nb1 Ba8 34. Nc3 Be7 35.
f3 Bf8 36. Nf1 Kg7 37. Bf2 Be7 38. Qb2 Nh7 39. Ne3 Nhf6 40. Kg2 Kh7 41. h4 Kg7
42. Ncd5 Bxd5 43. Nxd5 Nxd5 44. exd5 Qd8 45. Kh3 Qc8 46. f4 f6 47. Qd2 Ra8 48.
Qc2 Qe8 49. Qe2 Qf8 50. h5 f5 51. gxf5 g5 52. fxe5 dxe5 53. Qb2 Bf6 54. Be4
Rac8 55. Qb3 a5 56. Re2 Qxb4 57. Qxb4 axb4 58. Rec2 Ra7 59. Ra2 1/2-1/2

[Event "Ostsjaellands EMT 2004"]
[Site "Faxe"]
[Date "2004.03.17"]
[Round "1"]
[White "Karstensen, Preben"]
[Black "Rasmussen, Arne"]
[Result "1/2-1/2"]
[WhiteElo "1533"]
[BlackElo "1258"]
[PlyCount "68"]
[EventDate "2004.??.??"]

1. d4 d5 2. c4 Nf6 3. Nf3 Bf5 4. e3 Bxb1 5. Rxb1 e6 6. a3 Be7 7. b4 O-O 8. Be2
Ne4 9. Bb2 Nd7 10. O-O c6 11. c5 b6 12. Rc1 b5 13. Ne5 Qc7 14. f4 f6 15. Nxd7
Qxd7 16. Bd3 f5 17. Rc2 a6 18. Bxe4 fxe4 19. Rcf2 Bh4 20. g3 Bd8 21. Bc3 a5 22.
Qg4 a4 23. Qh3 Bf6 24. g4 g6 25. g5 Bg7 26. Kh1 Rf5 27. Qg2 Kf7 28. Rg1 Rh8 29.
Qf1 Qe8 30. Qe2 Qg8 31. Rfg2 Qe8 32. Rg4 Qg8 33. R1g2 Qe8 34. Kg1 Qg8 1/2-1/2

[Event "Ostsjaellands EMT 2004"]
[Site "Faxe"]
[Date "2004.03.17"]
[Round "1"]
[White "Nielsen, Johannes"]
[Black "Wehlast, Svend Erik"]
[Result "0-1"]
[WhiteElo "1111"]
[BlackElo "1425"]
[PlyCount "60"]
[EventDate "2004.??.??"]

1. e4 e5 2. Nf3 Nc6 3. d4 exd4 4. Nxd4 Nxd4 5. Qxd4 d6 6. Nc3 a6 7. Be2 Be6 8.
O-O Nf6 9. Bg5 Be7 10. Bxf6 Bxf6 11. Qe3 O-O 12. b3 b5 13. Rad1 b4 14. Nd5 Bxd5
15. Rxd5 a5 16. f4 Bc3 17. Bc4 c5 18. Kh1 Qc7 19. f5 Kh8 20. Qf3 Bd4 21. Qh3 f6
22. Be2 a4 23. Bc4 Qe7 24. Rf4 axb3 25. Bxb3 Ra7 26. Rh4 h6 27. Rf4 Rfa8 28. g4
Rc8 29. Bc4 Ra3 30. Qg2 Re3 0-1

[Event "Ostsjaellands EMT 2004"]
[Site "Faxe"]
[Date "2004.03.17"]
[Round "1"]
[White "Toftvang, Ove"]
[Black "Hansen, Egon"]
[Result "1-0"]
[WhiteElo "1261"]
[BlackElo "1597"]
[PlyCount "97"]
[EventDate "2004.??.??"]

1. Nf3 d5 2. d3 c5 3. c3 Nc6 4. Bf4 e6 5. g3 Bd6 6. Bxd6 Qxd6 7. Bg2 Nf6 8. O-O
O-O 9. e3 e5 10. Na3 Rd8 11. Nb5 Qe7 12. Qb3 h6 13. Na3 Be6 14. c4 Rab8 15.
Rad1 a6 16. Qc2 b5 17. cxd5 Nxd5 18. Rc1 Rbc8 19. Qxc5 Qb7 20. Nc2 f6 21. Qa3
a5 22. b3 b4 23. Qb2 Nc3 24. Nce1 Qb5 25. Rc2 Rd6 26. Kh1 f5 27. Nd2 e4 28. d4
Ne7 29. Rg1 Rdc6 30. Nc4 Bxc4 31. bxc4 Qxc4 32. Bf1 Qd5 33. Qb3 Kf7 34. Ng2 g5
35. h4 Kf6 36. Kh2 Kg7 37. h5 Qf7 38. Qxf7+ Kxf7 39. Ne1 Kf6 40. f3 Ned5 41.
fxe4 Nxe4 42. Re2 Nec3 43. Rf2 Nxe3 44. Bd3 g4 45. Rf4 Ncd5 46. Rf2 Kg5 47. Ng2
Rc3 48. Bb1 Nxg2 49. Rxf5# 1-0

[Event "Ostsjaellands EMT 2004"]
[Site "Faxe"]
[Date "2004.03.22"]
[Round "1"]
[White "Refsgaard, Kaj"]
[Black "Hansen, Erik Friberg"]
[Result "1-0"]
[WhiteElo "1618"]
[BlackElo "1283"]
[PlyCount "59"]
[EventDate "2004.??.??"]

1. d4 Nf6 2. Bg5 d6 3. Bxf6 exf6 4. e3 g6 5. Nf3 Bg7 6. g3 O-O 7. Bg2 Nc6 8.
O-O Be6 9. d5 Bf5 10. dxc6 bxc6 11. Nd4 Qd7 12. Bxc6 Qc8 13. Nxf5 Qxf5 14. Bxa8
Rxa8 15. Nc3 Qd7 16. Qd3 f5 17. Rad1 Rb8 18. b3 Bf8 19. Nd5 Be7 20. Nxe7+ Qxe7
21. c4 Qe4 22. Qxe4 fxe4 23. f3 exf3 24. Rxf3 Re8 25. Kf2 f5 26. Rd4 Kg7 27. g4
Re4 28. gxf5 Rxd4 29. f6+ Kf7 30. exd4 1-0

[Event "Ostsjaellands EMT 2004"]
[Site "Faxe"]
[Date "2004.03.19"]
[Round "1"]
[White "Christoffersen, Per"]
[Black "Eriksen, Knud Ejler"]
[Result "0-1"]
[WhiteElo "1425"]
[BlackElo "1169"]
[PlyCount "80"]
[EventDate "2004.??.??"]

1. d4 Nf6 2. c4 e6 3. Nf3 d5 4. Nc3 Nbd7 5. e3 Be7 6. Qc2 c6 7. b3 b6 8. Bd3 h6
9. Bb2 Bb7 10. O-O O-O 11. Rac1 Rc8 12. Qd2 Re8 13. cxd5 exd5 14. Ne2 Bd6 15.
Qc2 Qc7 16. h3 Qb8 17. Rfe1 Ne4 18. Bxe4 Rxe4 19. Nc3 Ree8 20. Nh4 Nf6 21. Nf5
Bh2+ 22. Kh1 Bc7 23. Ba3 Re6 24. Ne7+ Kh8 25. Nxc8 Qxc8 26. b4 b5 27. Nxb5 Bb6
28. Nc3 Nh7 29. Na4 Rg6 30. Nxb6 axb6 31. f4 Nf6 32. b5 Ne4 33. bxc6 Rxc6 34.
Qb2 Qd8 35. Rxc6 Bxc6 36. Rc1 Bd7 37. g4 f5 38. Qb4 Qh4 39. Rc2 Qxh3+ 40. Rh2
Qf1# 0-1

[Event "Ostsjaellands EMT 2004"]
[Site "Faxe"]
[Date "2004.03.24"]
[Round "2"]
[White "Hansen, Mogens Egon"]
[Black "Rasmussen, Arne"]
[Result "1/2-1/2"]
[WhiteElo "1357"]
[BlackElo "1258"]
[PlyCount "56"]
[EventDate "2004.??.??"]

1. d4 d5 2. c4 Nf6 3. Nc3 Bf5 4. e3 h6 5. Nf3 e6 6. Be2 Be7 7. O-O O-O 8. a3 a6
9. cxd5 Nxd5 10. Nxd5 exd5 11. Bd3 Bxd3 12. Qxd3 Nd7 13. Bd2 Nf6 14. Rac1 c6
15. Rc2 Re8 16. Be1 Bd6 17. Qb3 Rb8 18. Bb4 Ne4 19. Bxd6 Qxd6 20. Qb6 Qd8 21.
Qxd8 Rbxd8 22. Nd2 Nxd2 23. Rxd2 Re4 24. b4 Ree8 25. a4 Ra8 26. Rc2 Red8 27. h3
Rac8 28. Rfc1 Re8 1/2-1/2

[Event "Ostsjaellands EMT 2004"]
[Site "Faxe"]
[Date "2004.03.24"]
[Round "2"]
[White "Eriksen, Knud Ejler"]
[Black "Refsgaard, Kaj"]
[Result "0-1"]
[WhiteElo "1169"]
[BlackElo "1618"]
[PlyCount "96"]
[EventDate "2004.??.??"]

1. e4 c5 2. Bc4 e6 3. d3 Nc6 4. Nf3 g6 5. a3 Bg7 6. O-O Nf6 7. Nbd2 O-O 8. Re1
a6 9. Nf1 Qc7 10. h3 b5 11. Ba2 Bb7 12. c3 Rad8 13. Be3 Ne7 14. Qd2 d5 15. Bf4
Qc8 16. e5 Nd7 17. Bh6 d4 18. N1h2 dxc3 19. bxc3 Rfe8 20. Bxg7 Kxg7 21. Qg5 h6
22. Qf4 g5 23. Qd2 Qc6 24. Re4 Nf8 25. Rae1 Qxe4 26. Rxe4 Bxe4 27. d4 Nfg6 28.
Qe3 Bxf3 29. Nxf3 Nf5 30. Qe4 Nf4 31. h4 cxd4 32. cxd4 Nxd4 33. Nxd4 Rxd4 34.
Qf3 Red8 35. Qg4 Ng6 36. Qf3 Rf4 37. Qe2 Rxh4 38. g3 Rhd4 39. Bb3 Rd2 40. Qe4
R8d4 41. Qb7 Nxe5 42. Bxe6 Kf6 43. Bb3 g4 44. Qxa6+ Kg7 45. Qxb5 Nf3+ 46. Kf1
Re4 47. a4 Re1+ 48. Kg2 Rg1# 0-1

[Event "Ostsjaellands EMT 2004"]
[Site "Faxe"]
[Date "2004.03.24"]
[Round "2"]
[White "Jensen, Leif"]
[Black "Wehlast, Svend Erik"]
[Result "1-0"]
[WhiteElo "2036"]
[BlackElo "1425"]
[PlyCount "79"]
[EventDate "2004.??.??"]

1. e4 e5 2. Nc3 Bc5 3. Bc4 Nc6 4. Qg4 Qf6 5. Nd5 Qxf2+ 6. Kd1 g6 7. Nh3 h5 8.
Qg5 Be7 9. Qxe7+ Ngxe7 10. Nxf2 Nxd5 11. Bxd5 Ne7 12. Bb3 f5 13. d3 f4 14. Nh3
c6 15. Ng5 d5 16. h4 b5 17. a4 b4 18. a5 a6 19. Bd2 dxe4 20. Nxe4 Bg4+ 21. Ke1
Nd5 22. Bxd5 cxd5 23. Nf6+ Kf7 24. Nxd5 b3 25. Bc3 bxc2 26. Kd2 Bd1 27. Re1 g5
28. Rxe5 gxh4 29. Re7+ Kg6 30. Bxh8 Rxh8 31. Nxf4+ Kf5 32. Nd5 Rg8 33. Ne3+ Kf6
34. Re4 h3 35. gxh3 Rg1 36. Rf4+ Kg5 37. Rf1 Rg3 38. Nxd1 cxd1=Q+ 39. Raxd1 Kh6
40. Rg1 1-0

[Event "Ostsjaellands EMT 2004"]
[Site "Faxe"]
[Date "2004.03.24"]
[Round "2"]
[White "Hansen, Knud"]
[Black "Toftvang, Ove"]
[Result "1/2-1/2"]
[WhiteElo "1648"]
[BlackElo "1261"]
[PlyCount "92"]
[EventDate "2004.??.??"]

1. e4 d6 2. Bc4 e6 3. d3 g6 4. Ne2 Bg7 5. Bb3 Nf6 6. h3 h6 7. Nd2 Nc6 8. Nf3 e5
9. c3 O-O 10. O-O b6 11. Be3 Na5 12. Bc2 c5 13. Qd2 Nh7 14. Ng3 f5 15. exf5
gxf5 16. Bxh6 f4 17. Bxg7 Kxg7 18. Ne2 Bb7 19. Ne1 Qh4 20. f3 Rf6 21. Kh1 Ng5
22. Ng1 Rh8 23. b4 Rfh6 24. Rf2 Nc6 25. bxc5 dxc5 26. Ba4 Ne7 27. Qe2 Kf6 28.
d4 e4 29. fxe4 Nxe4 30. Rf3 Nf5 31. Qd3 Nf2+ 32. Rxf2 Qxf2 33. Bd7 Ne3 34. Qe2
Qg3 35. dxc5 Rg6 36. c6 Ba6 37. Qf3 Rg7 38. Qxg3 fxg3 39. Ngf3 Bf1 40. Kg1 Bd3
41. Nd4 Bc4 42. Nef3 Bd5 43. Re1 Re7 44. Re2 Bc4 45. Rd2 Nd5 46. Rc2 Nc7
1/2-1/2

[Event "Ostsjaellands EMT 2004"]
[Site "Faxe"]
[Date "2004.03.24"]
[Round "2"]
[White "Hansen, Erik Friberg"]
[Black "Christoffersen, Per"]
[Result "0-1"]
[WhiteElo "1283"]
[BlackElo "1425"]
[PlyCount "56"]
[EventDate "2004.??.??"]

1. c4 e6 2. d4 Nf6 3. Nc3 d5 4. e3 c6 5. cxd5 exd5 6. Nf3 Bd6 7. Be2 O-O 8. h3
Bf5 9. Bd3 Bg6 10. Bxg6 fxg6 11. O-O Nbd7 12. Ng5 Qe7 13. f4 h6 14. Nf3 Ne4 15.
Qe1 Ndf6 16. Nxe4 Nxe4 17. a3 g5 18. fxg5 hxg5 19. Qd1 Rf6 20. Qd3 Raf8 21. Bd2
g4 22. hxg4 Rh6 23. Be1 Qc7 24. Bh4 Rxf3 25. gxf3 Bh2+ 26. Kg2 Rxh4 27. fxe4
Qg3+ 28. Kh1 Bg1# 0-1

[Event "Ostsjaellands EMT 2004"]
[Site "Faxe"]
[Date "2004.03.24"]
[Round "2"]
[White "Eckert, Svend"]
[Black "Jensen, Herman"]
[Result "1-0"]
[WhiteElo "1463"]
[BlackElo "1663"]
[PlyCount "81"]
[EventDate "2004.??.??"]

1. c4 Nf6 2. d4 e6 3. Nc3 d5 4. b3 Bb4 5. Bd2 dxc4 6. e3 Bxc3 7. Bxc3 Nd5 8.
Rc1 Nxc3 9. Rxc3 cxb3 10. Qxb3 O-O 11. Nf3 Nc6 12. Bd3 Rb8 13. Rxc6 bxc6 14.
Qxb8 Qd5 15. Qb3 Qa5+ 16. Nd2 e5 17. Qc2 exd4 18. Bxh7+ Kh8 19. Bd3 dxe3 20.
fxe3 Rd8 21. O-O Qd5 22. Bf5 Ba6 23. Rf2 c5 24. Qa4 Qd6 25. Qh4+ Kg8 26. Qh7+
Kf8 27. Qh8+ Ke7 28. Qxg7 Rf8 29. Qg4 Rd8 30. Qg5+ Ke8 31. Bg4 Kf8 32. Bh5 Rd7
33. Qf4 Qd5 34. Qh6+ Kg8 35. Bg6 Qe6 36. Qh7+ Kf8 37. Qh8+ Ke7 38. Rxf7+ Qxf7
39. Bxf7 Kxf7 40. Qh5+ Ke6 41. Nb3 1-0

[Event "Ostsjaellands EMT 2004"]
[Site "Faxe"]
[Date "2004.03.24"]
[Round "2"]
[White "Lillebro, Verner"]
[Black "Jensen, Niels"]
[Result "1/2-1/2"]
[WhiteElo "1219"]
[BlackElo "1390"]
[PlyCount "144"]
[EventDate "2004.??.??"]

1. d4 d5 2. c4 Bf5 3. cxd5 Qxd5 4. Nc3 Qd7 5. Bf4 Nf6 6. e3 a6 7. Nf3 Nc6 8.
Be2 e6 9. a3 Bd6 10. Bxd6 Qxd6 11. Nh4 Ne7 12. Nxf5 Nxf5 13. O-O O-O 14. Qd3
Nh4 15. Ne4 Qe7 16. g3 Nf5 17. Rac1 Rad8 18. f4 Nd5 19. Rf3 h6 20. Nc3 Nb6 21.
Qe4 Nd6 22. Qc2 Rc8 23. b4 Nbc4 24. Nb1 Nb6 25. Nd2 Nd5 26. e4 Nb6 27. Rc3 Nb5
28. Bxb5 axb5 29. Rxc7 Rxc7 30. Qxc7 Qxc7 31. Rxc7 Rb8 32. Rc5 Na4 33. Rxb5 b6
34. Nc4 Kf8 35. e5 Ke7 36. d5 exd5 37. Rxd5 Rc8 38. Rd4 Rc7 39. Kf2 h5 40. h4
Ke6 41. Rd6+ Ke7 42. Nxb6 Nxb6 43. Rxb6 Ra7 44. Rb5 Rxa3 45. Rb7+ Ke8 46. b5
Rb3 47. f5 Ra3 48. e6 fxe6 49. fxe6 g6 50. Rg7 Rb3 51. Rxg6 Rxb5 52. Rg5 Rb6
53. Re5 Ke7 54. Rxh5 Rxe6 55. Rf5 Rh6 56. Kf3 Ra6 57. Re5+ Kf7 58. Kf4 Kf6 59.
g4 Kg6 60. h5+ Kh6 61. Kf5 Ra8 62. Re6+ Kg7 63. h6+ Kh7 64. g5 Ra1 65. Re7+ Kh8
66. Re4 Kh7 67. Re7+ Kh8 68. h7 Ra8 69. g6 Rb8 70. Ke6 Rb6+ 71. Kf7 Rf6+ 72.
Ke8 Rxg6 1/2-1/2

[Event "Ostsjaellands EMT 2004"]
[Site "Faxe"]
[Date "2004.03.29"]
[Round "2"]
[White "Nielsen, Johannes"]
[Black "Hansen, Arne Mandrup"]
[Result "0-1"]
[WhiteElo "1111"]
[BlackElo "1298"]
[PlyCount "74"]
[EventDate "2004.??.??"]

1. e4 d5 2. exd5 Nf6 3. c4 e6 4. Nc3 exd5 5. cxd5 Nxd5 6. Nxd5 Qxd5 7. Qc2 Nc6
8. Nf3 Bc5 9. Bc4 Qd6 10. O-O Be6 11. Bxe6 fxe6 12. d3 O-O 13. Qe2 Nd4 14. Nxd4
Bxd4 15. Rb1 Rf5 16. Kh1 Raf8 17. f3 e5 18. Qe4 c6 19. Bd2 Qf6 20. Qg4 Qe6 21.
b3 R8f6 22. Rbe1 Qd6 23. Re4 Qa3 24. Bg5 Rf7 25. Re2 Qa6 26. Qe4 Rxg5 27. g3
Rgf5 28. Rd2 Qa3 29. Qh4 Qf8 30. Kg2 Rxf3 31. Rxf3 Rxf3 32. Qg4 Rf1 33. Kh3 g6
34. Qe6+ Rf7 35. Re2 Qh6+ 36. Kg2 Qc1 37. Kh3 Qf1+ 0-1

[Event "Ostsjaellands EMT 2004"]
[Site "Faxe"]
[Date "2004.03.31"]
[Round "3"]
[White "Christoffersen, Per"]
[Black "Hansen, Arne Mandrup"]
[Result "1-0"]
[WhiteElo "1425"]
[BlackElo "1298"]
[PlyCount "129"]
[EventDate "2004.??.??"]

1. d4 Nf6 2. c4 g6 3. Nc3 Bg7 4. e4 d6 5. Nf3 O-O 6. Be2 e5 7. d5 Nbd7 8. O-O
h6 9. h3 Kh8 10. Be3 Ng8 11. Nd2 b6 12. b4 a6 13. Nb3 Qe8 14. c5 bxc5 15. bxc5
f5 16. c6 Ndf6 17. f3 f4 18. Bf2 Nh5 19. Bc4 Ng3 20. Re1 Bf6 21. Ne2 Bh4 22.
Nxg3 Bxg3 23. Re2 g5 24. Qe1 Bxf2+ 25. Rxf2 Qh5 26. Bf1 Nf6 27. Rb2 Qg6 28. Nc1
Nh5 29. Ne2 g4 30. hxg4 Bxg4 31. Kh2 Bc8 32. Qh4 Ng3 33. Nxg3 fxg3+ 34. Qxg3
Qh5+ 35. Kg1 Rg8 36. Qf2 Qg5 37. Rab1 Qf4 38. Rb8 Rxb8 39. Rxb8 Qf7 40. Qe3 Kh7
41. Ra8 Qg7 42. Qf2 Bh3 43. Rxa6 Bc8 44. Ra8 Bh3 45. Rxg8 Qxg8 46. Qh4 Bc8 47.
Qe7+ Qg7 48. Qxg7+ Kxg7 49. Kh2 h5 50. a4 Kg6 51. a5 Kg5 52. a6 Bxa6 53. Bxa6
h4 54. g3 hxg3+ 55. Kxg3 Kf6 56. Kh4 Kg6 57. Kg4 Kf6 58. Kh5 Kg7 59. Kg5 Kf7
60. Kf5 Ke7 61. Kg6 Kd8 62. Kf6 Ke8 63. Ke6 Kd8 64. Bf1 Ke8 65. Bh3 1-0

[Event "Ostsjaellands EMT 2004"]
[Site "Faxe"]
[Date "2004.03.31"]
[Round "3"]
[White "Hansen, Erik Friberg"]
[Black "Nielsen, Johannes"]
[Result "1-0"]
[WhiteElo "1283"]
[BlackElo "1111"]
[PlyCount "77"]
[EventDate "2004.??.??"]

1. c4 c6 2. d4 d5 3. e3 Nf6 4. Nf3 Nbd7 5. Bd3 e6 6. a3 Be7 7. Nc3 h6 8. O-O
O-O 9. Qc2 b6 10. cxd5 Nxd5 11. e4 Nxc3 12. Qxc3 Bb7 13. Be3 Rc8 14. Rac1 Re8
15. Qd2 c5 16. dxc5 Bxc5 17. Qe2 f6 18. Rfd1 Qe7 19. b4 Bxe3 20. Qxe3 Qf7 21.
Qe2 Nf8 22. Nd4 Qg6 23. f3 Red8 24. Bc4 Re8 25. Qa2 Qf7 26. Nb5 Rc6 27. Nd6
Rxd6 28. Rxd6 Bc8 29. f4 Kh8 30. f5 Qb7 31. Qc2 Qe7 32. Rcd1 Bd7 33. Qd3 Rd8
34. fxe6 Ba4 35. Rd2 Rxd6 36. Qxd6 Qxd6 37. Rxd6 Kh7 38. b5 Bc2 39. e7 1-0

[Event "Ostsjaellands EMT 2004"]
[Site "Faxe"]
[Date "2004.03.31"]
[Round "3"]
[White "Eriksen, Knud Ejler"]
[Black "Hansen, Mogens Egon"]
[Result "0-1"]
[WhiteElo "1169"]
[BlackElo "1357"]
[PlyCount "126"]
[EventDate "2004.??.??"]

1. d4 d5 2. c4 c6 3. e3 e6 4. Nc3 b6 5. Nf3 Nf6 6. b3 Bb7 7. Bb2 Nbd7 8. Be2
Be7 9. Qc2 O-O 10. O-O c5 11. cxd5 exd5 12. Rad1 Rc8 13. Qb1 cxd4 14. Nxd4 a6
15. Nf3 Re8 16. Rfe1 Nc5 17. Rc1 Bd6 18. h3 Qe7 19. b4 Nce4 20. a3 Rc7 21. Nd4
Qe5 22. Nf3 Qe7 23. Red1 Rec8 24. Qa1 b5 25. Bd3 Qe6 26. Ne2 Be7 27. Ned4 Qd7
28. Be2 Bd6 29. Rxc7 Rxc7 30. Nd2 Qc8 31. N4f3 Nc3 32. Bxc3 Rxc3 33. Nf1 Qc7
34. Nd4 Be5 35. Nf3 Bd6 36. Ne1 Be5 37. Nd3 Rxd3 38. Rc1 Rc3 39. Rxc3 Qxc3 40.
Qd1 Qxa3 41. f4 Bd6 42. Qd4 Qxb4 43. Qa7 Bc8 44. Qa8 Qc5 45. Ng3 Qxe3+ 46. Kh2
Qc5 47. Bd3 Bf8 48. Nf5 g6 49. Ne3 Qxe3 50. Bxg6 hxg6 51. Qxc8 Qxf4+ 52. Kg1
Qd4+ 53. Kh1 Qb6 54. Qc3 Qe6 55. h4 Bg7 56. Qg3 Nh5 57. Qb8+ Kh7 58. Qa7 d4 59.
Qc5 Qf6 60. Qd5 Qxh4+ 61. Kg1 Qe1+ 62. Kh2 Be5+ 63. Kh3 Nf4+ 0-1

[Event "Ostsjaellands EMT 2004"]
[Site "Faxe"]
[Date "2004.03.31"]
[Round "3"]
[White "Hansen, Egon"]
[Black "Lillebro, Verner"]
[Result "1-0"]
[WhiteElo "1597"]
[BlackElo "1219"]
[PlyCount "55"]
[EventDate "2004.??.??"]

1. e4 c5 2. Nf3 Nc6 3. d4 cxd4 4. Nxd4 Nxd4 5. Qxd4 e6 6. Bc4 Qc7 7. Be3 b6 8.
Bb3 Nf6 9. f3 Bc5 10. Qc3 O-O 11. Bxc5 Qxc5 12. Qxc5 bxc5 13. c4 Rb8 14. Nc3
Ba6 15. O-O-O Rfd8 16. Rd6 Rb6 17. Rhd1 Rxd6 18. Rxd6 Bb7 19. Ba4 Bc8 20. e5
Ne8 21. Rd1 a6 22. Ne4 d6 23. Bxe8 Rxe8 24. exd6 Rd8 25. Nxc5 h6 26. d7 Bxd7
27. Nxd7 Kh8 28. Ne5 1-0

[Event "Ostsjaellands EMT 2004"]
[Site "Faxe"]
[Date "2004.03.31"]
[Round "3"]
[White "Eckert, Svend"]
[Black "Jensen, Leif"]
[Result "0-1"]
[WhiteElo "1463"]
[BlackElo "2036"]
[PlyCount "44"]
[EventDate "2004.??.??"]

1. e4 e6 2. d4 d5 3. exd5 exd5 4. Nf3 Nf6 5. Be2 Bd6 6. O-O O-O 7. Nc3 c6 8.
Re1 Qc7 9. h3 Bf5 10. Bd3 Bg6 11. Bxg6 hxg6 12. Ne5 Nbd7 13. f4 Rfe8 14. Qf3
Qb6 15. Kh1 Qxd4 16. Be3 Nxe5 17. fxe5 Qxe5 18. Bg1 Qxe1 19. Rxe1 Rxe1 20. Qf2
Rae8 21. Qxa7 Bg3 22. Qb6 Rxg1+ 0-1

[Event "Ostsjaellands EMT 2004"]
[Site "Faxe"]
[Date "2004.03.31"]
[Round "3"]
[White "Toftvang, Ove"]
[Black "Karstensen, Preben"]
[Result "0-1"]
[WhiteElo "1261"]
[BlackElo "1533"]
[PlyCount "90"]
[EventDate "2004.??.??"]

1. e4 e5 2. Nf3 d6 3. Nc3 Nf6 4. Be2 Be7 5. b3 c5 6. O-O O-O 7. Bb2 Nc6 8. a3
a6 9. h3 Be6 10. Nh2 h6 11. Bg4 Nxg4 12. Nxg4 Bxg4 13. Qxg4 Nd4 14. Qd1 f5 15.
Nd5 fxe4 16. Bxd4 cxd4 17. f4 exf3 18. Rxf3 Bg5 19. Qe2 Qa5 20. Nb4 Qc7 21. d3
Rxf3 22. Qxf3 Rf8 23. Qe2 Qf7 24. Kh1 a5 25. Na2 Qf2 26. Qd1 Qg3 27. Qg1 Be3
28. Qh2 Qf2 29. g3 Qxh2+ 30. Kxh2 Rf2+ 31. Kh1 Rxc2 32. b4 b6 33. a4 Bd2 34. b5
Bc3 35. Nxc3 Rxc3 36. Kg2 Rxd3 37. g4 g6 38. Rc1 Rc3 39. Rf1 Kg7 40. h4 d3 41.
Rd1 e4 42. Kf2 Kf6 43. Ke3 Ke5 44. Rf1 Rc2 45. Re1 d5 0-1

[Event "Ostsjaellands EMT 2004"]
[Site "Faxe"]
[Date "2004.03.31"]
[Round "3"]
[White "Wehlast, Svend Erik"]
[Black "Rasmussen, Arne"]
[Result "1-0"]
[WhiteElo "1425"]
[BlackElo "1258"]
[PlyCount "76"]
[EventDate "2004.??.??"]

1. d4 d5 2. Bf4 Nf6 3. h3 Bf5 4. e3 h6 5. Nf3 e6 6. c4 Be7 7. c5 O-O 8. Nc3 a6
9. b4 Nc6 10. Qb3 Rb8 11. b5 axb5 12. Nxb5 Rc8 13. Be2 Be4 14. O-O Nd7 15. Qc3
Bf6 16. a4 Re8 17. a5 e5 18. Bg3 exd4 19. Nfxd4 Nxd4 20. Nxd4 Qe7 21. Bg4 Red8
22. Rfc1 c6 23. Qb4 Ra8 24. Qxb7 Nxc5 25. Qxe7 Bxe7 26. Nxc6 Bf6 27. Nxd8 Bxa1
28. Rxa1 Rxd8 29. a6 Ra8 30. a7 g6 31. Bb8 f5 32. Be2 Nd7 33. Rc1 f4 34. Rc8+
Kf7 35. Rc7 Ke6 36. exf4 Nxb8 37. f3 Bb1 38. Rb7 Ba2 1-0

[Event "Ostsjaellands EMT 2004"]
[Site "Faxe"]
[Date "2004.03.31"]
[Round "3"]
[White "Jensen, Herman"]
[Black "Jensen, Niels"]
[Result "1-0"]
[WhiteElo "1663"]
[BlackElo "1390"]
[PlyCount "105"]
[EventDate "2004.??.??"]

1. e4 e5 2. Nf3 Nc6 3. Bb5 Bc5 4. a3 d6 5. O-O Nf6 6. d3 h6 7. b4 Bb6 8. a4 a6
9. Bxc6+ bxc6 10. Qe2 Bg4 11. Nbd2 c5 12. Ba3 O-O 13. bxc5 Bxc5 14. Bxc5 dxc5
15. h3 Bh5 16. g4 Bg6 17. Nxe5 Bh7 18. Ndc4 Nd7 19. Qe3 Nxe5 20. Nxe5 Qd6 21.
f4 f6 22. Nc4 Qd4 23. Rab1 Rab8 24. Kg2 Qxe3 25. Nxe3 Rb4 26. Rxb4 cxb4 27. Nc4
c5 28. a5 Rd8 29. Kf3 Kf7 30. Ke3 Bg8 31. Ra1 Kf8 32. Nb6 Bf7 33. c3 bxc3 34.
Rc1 h5 35. Rxc3 hxg4 36. hxg4 g5 37. fxg5 fxg5 38. Rxc5 Ke7 39. Rxg5 Kf6 40.
Rc5 Kg6 41. d4 Bg8 42. Nc8 Re8 43. g5 Be6 44. Nd6 Rh8 45. d5 Rh3+ 46. Kf4 Rh4+
47. Kg3 Rg4+ 48. Kf3 Rxg5 49. dxe6 Rxc5 50. e7 Re5 51. e8=Q+ Rxe8 52. Nxe8 Kf7
53. Nc7 1-0